000
00225nam a2200097Ia 4500
008
230605s9999 xx 000 0 und d
041
_a
eng
100
_a
john
245
_a
Oxford a-z of grammer & punctuation
650
_a
Dict.
999
_c
417346
_d
417346